000 00763nam a2200241Ia 4500
003 OSt
005 20220923221728.0
006 a|||||r|||| 00| 0
007 ta
008 220922b |||||||| |||| 00| 0 hin d
024 _a199,645
037 _cTextual
040 _aARTS
_cARTS
_bhin
041 _2hin
_ahin
082 _aQ2:4x1,11:g, 152M1
100 _aदुबे, सत्यमित्र
_9156270
245 0 _aमनुकी समाज व्यवस्था
246 _ahinukī samāj vyavasthā
260 _aनई दिल्ली
_b मैकमिलन
_c1981
300 _a212पृ.
_ccm.
942 _hQ2:4x1,11:g, 152M1
_cTEXL
_2CC
999 _c351384
_d351384